Villes françaises, au sud ou au nord ? - Statistiques

Statistiques générales
  • Ce quiz a été pris 242 fois
  • Le résultat moyen est 17 sur 20
Statistiques - réponses
Hint Réponse % Correct
Lille Nord
100%
Marseille Sud
100%
Paris Nord
99%
Montpellier Sud
99%
Reims Nord
98%
Brest Nord
98%
Strasbourg Nord
97%
Bayonne Sud
97%
Caen Nord
96%
Nantes Nord
96%
Bordeaux Sud
96%
Avignon Sud
94%
Lyon Sud
89%
Montauban Sud
86%
Nevers Nord
82%
Clermont-Ferrand Sud
77%
Chalon-sur-Saône Nord
73%
Besançon Nord
67%
Limoges Sud
57%
Poitiers Sud
35%
Aucun quiz correspondant
Distribution des résultats
% des personnes avec chaque résultat
Percentile par nombre de réponses
Votre historique - résultats
Vous n’avez pas pris ce quiz